Dictionnaire des lettres françaises. Le XVIIe siècle /

Bibliographic Details
Main Author: Pauphilet, Albert
Other Authors: Pichard, Louis, 1883-, Grente, Georges, 1872-1959
Format: Book
Language:French
Published: [Paris] : Fayard, 1996.
Subjects:

MARC

Tag First Indicator Second Indicator Subfields
LEADER 00000cam a2200000 a 4500
001 in00001402832
005 20151020053045.0
008 961011s1996 fr 000 0 fre d
020 |a 221359435X :  |c 390 FF 
035 |a (OCoLC)35717921 
035 |9 AHM6861AM 
040 |a BRU  |b fre  |c BRU  |d FUG  |d NOC  |d TXA  |d UtOrBLW 
049 |a TXAM 
090 |a PQ41  |b .P38 1996 
092 |a 840.900.4 
100 1 |a Pauphilet, Albert. 
245 1 0 |a Dictionnaire des lettres françaises.  |p Le XVIIe siècle /  |c publié sous la direction du Cardinal Georges Grente ; ouvrage préparé par Albert Pauphilet, Louis Pichard et Robert Barroux ; éd. entièrement révisée, amendée et mise à jour sous la direction de Patrick Dandrey ; par Emmanuel Bury [and others]. 
246 1 0 |a XVIIe siècle 
246 1 0 |a Dix-septième siècle 
264 1 |a [Paris] :  |b Fayard,  |c 1996. 
300 |a lxiv, 1278 pages ;  |c 19 cm. 
336 |a text  |b txt  |2 rdacontent 
337 |a unmediated  |b n  |2 rdamedia 
338 |a volume  |b nc  |2 rdacarrier 
504 |a Bibliography: pages [xvi]-lxiv. 
650 0 |a French literature  |v Bibliography. 
650 0 |a French literature  |y 17th century  |x Dictionaries. 
650 0 |a French literature  |x Dictionaries. 
650 7 |a Littérature française  |x Dictionnaires.  |2 ram 
650 7 |a Littérature française  |x Biobibliographie.  |2 ram 
650 7 |a Littérature française  |y 17e siècle  |x Dictionnaires.  |2 ram 
700 1 |a Pichard, Louis,  |d 1883- 
700 1 |a Pauphilet, Albert. 
700 1 |a Grente, Georges,  |d 1872-1959. 
948 |a c:ktn 
999 |a MARS 
999 f f |s 9be306a3-fde1-3cdc-a4d0-4c63e3bfdd2e  |i ca20c935-9632-3659-aa64-927df48339e8  |t 0 
952 f f |p ric  |a Texas A&M University  |b Rellis Campus  |c Joint Library Facility  |d Remote Storage  |t 0  |e PQ41 .P38 1996  |h Library of Congress classification  |i unmediated -- volume  |m A14823940218 
998 f f |a PQ41 .P38 1996  |t 0  |l Remote Storage